000 00412nam a22001697a 4500
005 20160523125047.0
008 160523b xxu||||| |||| 00| 0 eng d
020 _a81-259-0537-5
041 _aeng
082 _b4288
100 _aKumar, Munees
_91061
245 _aBusiness Information Systems
260 _aNew Delhi
_bAcademic Faundation
_c2004
300 _a380
650 _aManagement
_9241
942 _cBK
999 _c1447
_d1447